The Only Two - Statistics

General Stats
  • This quiz has been taken 97 times
  • The average score is 31 of 40
Answer Stats
Hint Answer % Correct
K Kansas
99%
Kentucky
96%
Zimbabwe
95%
Z Zambia
93%
B Brazil
92%
H Haiti
92%
Bolivia
90%
C Chile
90%
Colombia
90%
Honduras
90%
J Japan
88%
A Algeria
85%
D Djibouti
83%
L Laos
83%
Dominican Republic
82%
N Nauru
82%
New Zealand
82%
D Dominica
81%
Jordan
81%
Uzbekistan
81%
Angola
80%
Guatemala
80%
Tuvalu
79%
P Palau
77%
S Samoa
76%
G Grenada
75%
Papua New Guinea
74%
N Nepal
71%
Solomon Islands
71%
T Tonga
71%
F France
65%
DRC
64%
United Kingdom
64%
Lebanon
63%
North Korea
63%
Finland
61%
U Ukraine
61%
U UAE
58%
Portugal
56%
P Poland
55%
No matching quizzes found
Score Distribution
Percent of People with Each Score
Percentile by Number Answered
Your Score History
You have not taken this quiz